| 000 | 004820000a22001930004500 | ||
|---|---|---|---|
| 001 | 000056 | ||
| 003 | MACL | ||
| 005 | 20150801162903.0 | ||
| 008 | 150801b xxu||||| |||| 00| 0 eng d | ||
| 040 |
_aMACL _cMACL |
||
| 041 | _aEnglish | ||
| 082 | _a351/DAS | ||
| 100 |
_aDas, D.S _94191 |
||
| 245 |
_aCivil Service Reform & Structure Adjustment _cD.S Das |
||
| 260 |
_aDelhi _c1998 _bOxford University Press, |
||
| 350 | _a475 | ||
| 650 |
_aSocial Science _94192 |
||
| 942 |
_k351 _cBK _2ddc |
||
| 999 |
_c58 _d58 |
||